000 00583nam a2200193 a 4500
001 000039721
005 20201002033710.0
008 130717s1989 sp 000 0 spa d
020 _a8440209010
040 _aDO-SdBNP
_bspa
_cBNPHU
082 _axxx
100 1 _aHomero
_938113
245 1 0 _aIlíada /
_cHomero ; traducción Luis Segalá y Estalella.
260 _aEspaña :
_bOrbis,
_c1989.
300 _av. ;
_c21 cm.
490 1 _aBiblioteca de clásicos universales
700 1 _aSegalá y Estalella, Luis,
_etr.
_941568
830 0 _aBiblioteca de clásicos universales
_965913
999 _c39211
_d39211